000 01139nam a22002657a 4500
999 _c4370
_d4370
003 AR-CdUCM
008 190308b ||||| |||| 00| 0 spa d
020 _a968-6085-25-4
040 _aMUNICIPALIDAD PROVINCIAL DEL CUSCO
_cBIBLIOTECA MUNICIPAL DEL CUSCO
041 _hale
082 _23ed.
_a725.2 /
_bW68
100 _aWild, Friedemann
_913794
245 _aEdificios para almacenamiento y distribución de mercancías /
260 _aMéxico, D. F :
_bGustavo Gili,
_c1981.
300 _a132 paginas ;
_bIlustraciones,
_c26 cm.
500 _aDonación de la familia Nieto
505 _aAlmacén en disposición vertical -- Centro de distribución de materiales fotográfico en Scharnhausen --Almacén en disposición horizontal -- Planta congeladora en Saarbrucken -- Almacén de envíos en Pforzheim -- Edificio para distribución -- Nave de carga de automóviles en Stuttgart ...
650 _aEdificios comerciales
_913795
650 _aDiseños
_913082
650 _aArquitectura comercial
_913796
650 _aProyecto y planificación
_913797
700 _aLeón, José M.
_913798
942 _2ddc
_cLIBROS
945 _aacv